Mine for keeps. (Record no. 3358)

MARC details
000 -LEADER
fixed length control field 00904cam a22002771 4500
001 - CONTROL NUMBER
control field 3358
003 - CONTROL NUMBER IDENTIFIER
control field FISKH
005 - DATE AND TIME OF LATEST TRANSACTION
control field 20240229105610.0
008 - FIXED-LENGTH DATA ELEMENTS--GENERAL INFORMATION
fixed length control field 721221s1962 maua j 000 1 eng
010 ## - LIBRARY OF CONGRESS CONTROL NUMBER
LC control number 62012381
035 ## - SYSTEM CONTROL NUMBER
System control number (OCoLC)522612
040 ## - CATALOGING SOURCE
Original cataloging agency DLC
Transcribing agency OOxM
Modifying agency OCoLC
-- ODaWU
-- VtU
-- DLC
Language of cataloging eng
042 ## - AUTHENTICATION CODE
Authentication code premarc
050 00 - LIBRARY OF CONGRESS CALL NUMBER
Classification number PZ7.L7225
Item number Mi
082 ## - DEWEY DECIMAL CLASSIFICATION NUMBER
Classification number 813.5
100 1# - MAIN ENTRY--PERSONAL NAME
Personal name Little, Jean,
Dates associated with a name 1932-
245 10 - TITLE STATEMENT
Title Mine for keeps.
Statement of responsibility, etc. With illustrations by Lewis Parker.
260 ## - PUBLICATION, DISTRIBUTION, ETC.
Place of publication, distribution, etc. United States :
Name of publisher, distributor, etc. Little Brown,
Date of publication, distribution, etc. 1962
300 ## - PHYSICAL DESCRIPTION
Extent 186 pages :
Other physical details illustrations ;
Dimensions 20 cm
520 ## - SUMMARY, ETC.
Summary, etc. After spending five years in a cerebral palsy center, Sally is challenged to adjust to normal family and school life.
650 ## - SUBJECT ADDED ENTRY--TOPICAL TERM
Topical term or geographic name entry element Dogs
Form subdivision Children's Fiction
700 ## - ADDED ENTRY--PERSONAL NAME
Personal name Parker, Lewis
Relator term illustrator
906 ## - LOCAL DATA ELEMENT F, LDF (RLIN)
a 7
b cbc
c oclcrpl
d u
e ncip
f 19
g y-gencatlg
942 ## - ADDED ENTRY ELEMENTS (KOHA)
Source of classification or shelving scheme Dewey Decimal Classification
Koha item type Books
Suppress in OPAC No
Holdings
Withdrawn status Lost status Source of classification or shelving scheme Damaged status Not for loan Collection Home library Current library Shelving location Date acquired Total Checkouts Full call number Barcode Date last seen Price effective from Koha item type
    Dewey Decimal Classification     Fiction Footprints International School Library Network Toul Kork Campus Footprints International School Library Network Toul Kork Campus   02/29/2024   LIT Fic PZ7.L7225 FIS00889 02/29/2024 02/29/2024 Books